A preliminary report on the geology of the Monarch mining district, Chaffee County, Colorado, (Record no. 24942)

MARC details
000 -LEADER
fixed length control field 00762cam a22002171 4500
001 - CONTROL NUMBER
control field gs 10000454
003 - CONTROL NUMBER IDENTIFIER
control field DLC
005 - DATE AND TIME OF LATEST TRANSACTION
control field 20260227111310.0
008 - FIXED-LENGTH DATA ELEMENTS--GENERAL INFORMATION
fixed length control field 760408s1910 xx 000 0 eng
010 ## - LIBRARY OF CONGRESS CONTROL NUMBER
LC control number gs 10000454
035 ## - SYSTEM CONTROL NUMBER
System control number (OCoLC)2101780
040 ## - CATALOGING SOURCE
Original cataloging agency DLC
Transcribing agency TxEU
Modifying agency DLC
042 ## - AUTHENTICATION CODE
Authentication code premarc
050 00 - LIBRARY OF CONGRESS CALL NUMBER
Classification number QE91
Item number .A4 vol. 1
100 1# - MAIN ENTRY--PERSONAL NAME
Personal name Crawford, R. D.
Fuller form of name (Ralph Dixon),
Dates associated with a name 1873-
245 12 - TITLE STATEMENT
Title A preliminary report on the geology of the Monarch mining district, Chaffee County, Colorado,
Statement of responsibility, etc. by R. D. Crawford.
260 ## - PUBLICATION, DISTRIBUTION, ETC.
Place of publication, distribution, etc. [Denver, Colo.,
Name of publisher, distributor, etc. The Smith-Brooks printing company, state printers ,
Date of publication, distribution, etc. 1910]
300 ## - PHYSICAL DESCRIPTION
Extent 78 p.
Other physical details 3 fold. pl., 2 fold. maps, diagrs.
Dimensions 23 cm.
410 20 - SERIES STATEMENT/ADDED ENTRY--CORPORATE NAME [OBSOLETE, CAN/MARC], [LOCAL, USA]
Corporate name or jurisdiction name as entry element Colorado Geological Survey.
Title of a work Bulletin,
Volume number/sequential designation 1
650 #0 - SUBJECT ADDED ENTRY--TOPICAL TERM
Topical term or geographic name entry element Geology
Geographic subdivision Colorado.

No items available.

Powered by Koha